Le libre arbitre (Record no. 160595)

MARC details
000 -LEADER
campo de control de longitud fija 01015nam a22002655i 4500
001 - NÚMERO DE CONTROL
campo de control 160595
003 - IDENTIFICADOR DE NÚMERO DE CONTROL
campo de control ES-MaACL
005 - FECHA Y HORA DE LA ÚLTIMA TRANSACCIÓN
campo de control 20250804062754.0
008 - DATOS DE LONGITUD FIJA--INFORMACIÓN GENERAL
campo de control de longitud fija 040929s1898 fr |||| | fre d
040 ## - FUENTE DE CATALOGACIÓN
Centro catalogador/agencia de origen CAM
Lengua de catalogación spa
Centro/agencia transcriptor CAM
100 1# - ENTRADA PRINCIPAL--NOMBRE DE PERSONA
Nombre de persona Naville, Ernest,
Fechas asociadas al nombre 1816-1909
9 (RLIN) 85233
245 13 - MENCIÓN DEL TÍTULO
Título Le libre arbitre
Resto del título : étude philosophique /
Mención de responsabilidad, etc. par Ernest Naville.
250 ## - MENCION DE EDICION
Mención de edición 2e éd. rev. et corr.
260 ## - PUBLICACIÓN, DISTRIBUCIÓN, ETC.
Lugar de publicación, distribución, etc. Bale et Genève :
Nombre del editor, distribuidor, etc. Georg & C., éditeurs ;
Lugar de publicación, distribución, etc. Paris :
Nombre del editor, distribuidor, etc. Félix Alcan, éditeur,
Fecha de publicación, distribución, etc. 1898 (
Lugar de fabricación/manufactura Genève :
Fabricante Imprimerie W. Kündig & Fils)
300 ## - DESCRIPCIÓN FÍSICA
Extensión XIII, 311, [2] p. ;
Dimensiones 23 cm.
490 1# - MENCIÓN DE SERIE
Mención de serie Bibliothèque de philosophie contemporaine
598 ## - NOTA LOCAL
Nota local Dato de serie consta en la cub.
650 04 - PUNTO DE ACCESO ADICIONAL DE MATERIA--TÉRMINO DE MATERIA
Término de materia o nombre geográfico como elemento de entrada Libre albedrío.
9 (RLIN) 14421
650 07 - PUNTO DE ACCESO ADICIONAL DE MATERIA--TÉRMINO DE MATERIA
Término de materia o nombre geográfico como elemento de entrada Filosofía
Fuente del encabezamiento o término embne
9 (RLIN) 12802
752 ## - ENTRADA AGREGADA--NOMBRE JERÁRQUICO DEL LUGAR
País o entidad superior Suiza -
Jurisdicción política intermedia Bâle
752 ## - ENTRADA AGREGADA--NOMBRE JERÁRQUICO DEL LUGAR
País o entidad superior Suiza -
Jurisdicción política intermedia Ginebra
830 0# - PUNTO DE ACCESO ADICIONAL DE SERIE-TÍTULO UNIFORME
Título uniforme Bibliothèque de philosophie contemporaine
9 (RLIN) 181027
852 ## - LOCALIZACIÓN
Ubicación ES-MaACL
Número de control de estantería B-6882
Nota libre -- Enc. hol., conservando la cub. original
Holdings
Estatus retirado Estado de pérdida Estado de daño No para préstamo Colección Biblioteca de origen Biblioteca actual Ubicación en estantería Fecha de adquisición Fuente de adquisición Total de préstamos Signatura topográfica completa Código de barras Visto por última vez Precio de reemplazo Tipo de ítem Koha
        Libros del s. XIX Biblioteca del Ateneo de Madrid Biblioteca del Ateneo de Madrid Sala Pardo Bazán 17/01/2008     B-6882 1168156 23/02/2023 23/02/2023 Libro impreso antiguo